000 00437nam a2200181Ia 4500
005 20240823035237.0
008 240823s9999||||xx |||||||||||||| ||und||
041 _aENGLISH
082 _A621.381 N3
100 _aChattopadyay D et al.
245 0 _aFoundation of Electronics
250 _a2nd
260 _c1993
_b"Wiley,New Delhi"
500 _aTRANSFERED
650 _aElectronics
_bElectronics
942 _cBK
999 _c200221
_d200221